Tuile: Pays frontaliers - Statistiques

Statistiques générales
  • Ce quiz a été pris 81 fois
  • Le résultat moyen est 55 sur 75
Statistiques - réponses
Question Tuile Select % Correct
Sélectionner tous les pays frontaliers avec la Belgique Estonie Non
100%
Sélectionner tous les pays frontaliers avec la Belgique France Oui
100%
Sélectionner tous les pays frontaliers avec la Belgique Hongrie Non
100%
Sélectionner tous les pays frontaliers avec la Belgique Lituanie Non
100%
Sélectionner tous les pays frontaliers avec la Belgique Malte Non
100%
Sélectionner tous les pays frontaliers avec la Belgique Russie Non
100%
Sélectionner tous les pays frontaliers avec la Belgique Pays Bas Oui
99%
Sélectionner tous les pays frontaliers avec la Belgique Allemagne Oui
92%
Sélectionner tous les pays frontaliers avec la Belgique Luxembourg Oui
92%
Sélectionner tous les pays frontaliers avec la Somalie Arabie saoudite Non
91%
Sélectionner tous les pays frontaliers avec la Somalie Laos Non
91%
Sélectionner tous les pays frontaliers avec la Somalie Rwanda Non
88%
Sélectionner tous les pays frontaliers avec le Guatemala Colombie Non
87%
Sélectionner tous les pays frontaliers avec la Somalie Ethiopie Oui
87%
Sélectionner tous les pays frontaliers avec le Guatemala Venezuela Non
87%
Sélectionner tous les pays frontaliers de l'Irak Yemen Non
86%
Sélectionner tous les pays frontaliers de la Serbie Italie Non
84%
Sélectionner tous les pays frontaliers de l'Irak Oman Non
84%
Sélectionner tous les pays frontaliers de la Colombie Guatemala Non
82%
Sélectionner tous les pays frontaliers de la Serbie Moldavie Non
82%
Sélectionner tous les pays frontaliers de la Colombie Uruguay Non
82%
Sélectionner tous les pays frontaliers du Bouthan Afghanistan Non
80%
Sélectionner tous les pays frontaliers de la Serbie Grèce Non
80%
Sélectionner tous les pays frontaliers de la Colombie Paraguay Non
80%
Sélectionner tous les pays frontaliers de la Colombie France Non
79%
Sélectionner tous les pays frontaliers de l'Irak Iran Oui
79%
Sélectionner tous les pays frontaliers de la Serbie République Tchèque Non
79%
Sélectionner tous les pays frontaliers du Bouthan Thailande Non
79%
Sélectionner tous les pays frontaliers de la Colombie Chili Non
78%
Sélectionner tous les pays frontaliers avec la Somalie Djibouti Oui
78%
Sélectionner tous les pays frontaliers de l'Irak Israel Non
78%
Sélectionner tous les pays frontaliers de l'Irak Liban Non
78%
Sélectionner tous les pays frontaliers du Bouthan Pakistan Non
78%
Sélectionner tous les pays frontaliers de la Colombie Venezuela Oui
78%
Sélectionner tous les pays frontaliers avec le Guatemala Honduras Oui
76%
Sélectionner tous les pays frontaliers du Bouthan Laos Non
75%
Sélectionner tous les pays frontaliers de la Serbie Slovaquie Non
75%
Sélectionner tous les pays frontaliers de la Colombie Suriname Non
75%
Sélectionner tous les pays frontaliers du Bouthan Chine Oui
74%
Sélectionner tous les pays frontaliers du Bouthan Inde Oui
74%
Sélectionner tous les pays frontaliers de l'Irak Pakistan Non
74%
Sélectionner tous les pays frontaliers avec le Guatemala Panama Non
74%
Sélectionner tous les pays frontaliers avec la Somalie Soudan Non
74%
Sélectionner tous les pays frontaliers de la Serbie Bosnie-Herzégovine Oui
71%
Sélectionner tous les pays frontaliers de la Colombie Guyana Non
71%
Sélectionner tous les pays frontaliers de l'Irak Syrie Oui
71%
Sélectionner tous les pays frontaliers de la Colombie Equateur Oui
70%
Sélectionner tous les pays frontaliers avec la Somalie Kenya Oui
68%
Sélectionner tous les pays frontaliers du Bouthan Birmanie Non
67%
Sélectionner tous les pays frontaliers de la Colombie Brésil Oui
67%
Sélectionner tous les pays frontaliers de l'Irak Afghanistan Non
66%
Sélectionner tous les pays frontaliers avec le Guatemala Belize Oui
64%
Sélectionner tous les pays frontaliers avec le Guatemala Costa rica Non
64%
Sélectionner tous les pays frontaliers de la Serbie Slovénie Non
64%
Sélectionner tous les pays frontaliers du Bouthan Bangladesh Non
62%
Sélectionner tous les pays frontaliers de la Serbie Croatie Oui
62%
Sélectionner tous les pays frontaliers avec le Guatemala Salvador Oui
62%
Sélectionner tous les pays frontaliers avec la Somalie Soudan du sud Non
62%
Sélectionner tous les pays frontaliers de la Serbie Kosovo Oui
61%
Sélectionner tous les pays frontaliers avec le Guatemala Mexique Oui
61%
Sélectionner tous les pays frontaliers de l'Irak Koweit Oui
59%
Sélectionner tous les pays frontaliers de la Serbie Montenegro Oui
59%
Sélectionner tous les pays frontaliers de la Colombie Perou Oui
58%
Sélectionner tous les pays frontaliers de la Colombie Panama Oui
55%
Sélectionner tous les pays frontaliers de la Serbie Hongrie Oui
54%
Sélectionner tous les pays frontaliers avec le Guatemala Nicaragua Non
54%
Sélectionner tous les pays frontaliers de la Serbie Macédoine du Nord Oui
53%
Sélectionner tous les pays frontaliers du Bouthan Népal Non
53%
Sélectionner tous les pays frontaliers de la Serbie Roumanie Oui
50%
Sélectionner tous les pays frontaliers de l'Irak Arabie saoudite Oui
49%
Sélectionner tous les pays frontaliers de l'Irak Jordanie Oui
46%
Sélectionner tous les pays frontaliers de l'Irak Turquie Oui
45%
Sélectionner tous les pays frontaliers de la Serbie Bulgarie Oui
39%
Sélectionner tous les pays frontaliers avec la Somalie Eythrée Non
39%
Sélectionner tous les pays frontaliers de la Serbie Albanie Oui
26%
Aucun quiz correspondant
Distribution des résultats
% des personnes avec chaque résultat
Percentile par nombre de réponses
Votre historique - résultats
Vous n’avez pas pris ce quiz